[Event "Niederbayrische Einzelmeisterschaft"]
[Site "Niederbayern"]
[Date "2010.06.04"]
[Round "4.12"]
[White "Staller, Josef"]
[Black "Westenthanner, Paul"]
[Result "1-0"]
[WhiteElo "1676"]
[BlackElo "1549"]
[PlyCount "151"]
[EventDate "2010.06.??"]
[EventType "swiss"]
[EventRounds "7"]
[EventCountry "GER"]
[SourceDate "2015.11.02"]
[SourceVersionDate "2015.11.02"]
[WhiteTeam "SC Rottal"]
[BlackTeam "SK Landshut"]

1. e4 c6 2. d4 d5 3. exd5 cxd5 4. Nc3 Nf6 5. Bg5 e6 6. Bxf6 Qxf6 7. Nf3 Bd7 8.
Bb5 Bb4 9. Bxd7+ Nxd7 10. Qd3 a6 11. O-O Rc8 12. Rfe1 O-O 13. Rab1 Nb6 14. a3
Bd6 15. Nd1 Nc4 16. Ne3 Bf4 17. Ng4 Qe7 18. Nge5 Nxe5 19. dxe5 Qc5 20. Re2 Qc4
21. Qd1 Rc7 22. g3 Bh6 23. h4 Rfc8 24. c3 Qg4 25. Kg2 Rc4 26. Nh2 Qg6 27. Nf3
Re4 28. Rxe4 Qxe4 29. Qe1 Rc4 30. Qxe4 Rxe4 31. Re1 Rc4 32. Re2 Kf8 33. Kf1 Ke7
34. Ke1 Kd7 35. Kd1 g6 36. Kc2 b5 37. Re1 Ke7 38. Rh1 Rc8 39. Kb3 Bg7 40. Kb4
h5 41. Re1 Kd7 42. Ng5 Ke7 43. f4 Rc6 44. Nf3 Kd7 45. Rd1 Bf8+ 46. Kb3 Bc5 47.
Rd2 a5 48. a4 Rb6 49. axb5 Rxb5+ 50. Kc2 Ke7 51. Rg2 Rb8 52. Ne1 d4 53. c4 Rb4
54. Nd3 Rxc4+ 55. Kb3 Rb4+ 56. Nxb4 Bxb4 57. Kc4 f5 58. Kxd4 Kd7 59. Rc2 Ke8
60. Rc7 Kf8 61. Rc1 Bd2 62. Rd1 Bb4 63. Kc4 Ke7 64. b3 Ke8 65. Kb5 Kf8 66. Kc6
Ke7 67. Rd7+ Kf8 68. Rd1 Ke7 69. Kc7 Ba3 70. Rd7+ Kf8 71. Rd8+ Ke7 72. Rh8 Bb4
73. Rh7+ Kf8 74. Kd7 Kg8 75. Re7 Bxe7 76. Kxe7 1-0

[Event "Niederbayrische Einzelmeisterschaft"]
[Site "Niederbayern"]
[Date "2010.06.04"]
[Round "4.13"]
[White "Woestmann, Oliver"]
[Black "Angermeier, Gerhard"]
[Result "1-0"]
[WhiteElo "1386"]
[BlackElo "1668"]
[PlyCount "69"]
[EventDate "2010.06.??"]
[EventType "swiss"]
[EventRounds "7"]
[EventCountry "GER"]
[SourceDate "2015.11.02"]
[SourceVersionDate "2015.11.02"]
[WhiteTeam "SV Aham"]
[BlackTeam "SC Rottal"]

1. c4 g6 2. Nc3 Bg7 3. d4 d6 4. Nf3 Nf6 5. Bg5 O-O 6. Qd2 Bf5 7. g3 c6 8. Bg2
a5 9. O-O Na6 10. Rfe1 Qc7 11. e4 Bg4 12. e5 Nd7 13. Bxe7 Rfe8 14. exd6 Qc8 15.
Qf4 Bxf3 16. Bxf3 b6 17. a3 Nab8 18. h4 Nf8 19. d5 c5 20. Re2 Na6 21. Ne4 Ra7
22. Ng5 Qf5 23. Qxf5 gxf5 24. Rae1 Nb8 25. g4 Ng6 26. gxf5 Nxh4 27. Bh5 Rf8 28.
Bxf8 Bxf8 29. Re8 Nxf5 30. Nxf7 Rxf7 31. Bxf7+ Kxf7 32. Rxb8 Nxd6 33. b3 Nf5
34. Re4 Bd6 35. Rxb6 1-0

[Event "Niederbayrische Einzelmeisterschaft"]
[Site "Niederbayern"]
[Date "2010.06.04"]
[Round "4.14"]
[White "Oberberger, Hans"]
[Black "Thurnbauer, Alois"]
[Result "1-0"]
[WhiteElo "1636"]
[BlackElo "1534"]
[PlyCount "76"]
[EventDate "2010.06.??"]
[EventType "swiss"]
[EventRounds "7"]
[EventCountry "GER"]
[SourceDate "2015.11.02"]
[SourceVersionDate "2015.11.02"]
[WhiteTeam "SV Deggendorf"]
[BlackTeam "SV Deggendorf"]

1. d4 d5 2. Nf3 Nf6 3. g3 e6 4. Bg2 c5 5. e3 Nbd7 6. O-O c4 7. b3 b5 8. a4 b4
9. bxc4 dxc4 10. Ne5 Nd5 11. e4 Nxe5 12. exd5 Ng6 13. dxe6 Bxe6 14. Bc6+ Bd7
15. Re1+ Be7 16. Bxa8 Qxa8 17. c3 O-O 18. cxb4 Bxb4 19. Bd2 a5 20. Nc3 f5 21.
f3 f4 22. Rf1 fxg3 23. hxg3 Bh3 24. Rf2 Bd7 25. Rc1 Ba3 26. Rb1 Bb4 27. Qe2 Qc8
28. Rc1 Re8 29. Ne4 Bxd2 30. Qxd2 Qb8 31. Kg2 Qc7 32. Nc5 Be6 33. Nxe6 Rxe6 34.
Qa2 Rc6 35. Rfc2 Ne7 36. Rxc4 Kh8 37. Rxc6 Nxc6 38. Qe6 Qe7 1-0

[Event "Niederbayrische Einzelmeisterschaft"]
[Site "Niederbayern"]
[Date "2010.06.04"]
[Round "4.15"]
[White "Haider, Andreas"]
[Black "Haimerl, Willibald"]
[Result "1/2-1/2"]
[WhiteElo "1563"]
[BlackElo "1640"]
[PlyCount "52"]
[EventDate "2010.06.??"]
[EventType "swiss"]
[EventRounds "7"]
[EventCountry "GER"]
[SourceDate "2015.11.02"]
[SourceVersionDate "2015.11.02"]
[WhiteTeam "SV Aham"]
[BlackTeam "SV Deggendorf"]

1. e4 c5 2. f4 Nc6 3. Nf3 e6 4. Be2 g6 5. O-O Bg7 6. c3 Nge7 7. d4 cxd4 8. cxd4
Qb6 9. Nc3 Nxd4 10. Kh1 Nxe2 11. Qxe2 O-O 12. Qe1 Nc6 13. Ng5 h6 14. Nf3 a6 15.
Qh4 Qd8 16. Qh3 b5 17. f5 exf5 18. Bxh6 d5 19. Bxg7 Kxg7 20. exf5 Bxf5 21. Qg3
Rh8 22. Rad1 d4 23. Ne2 d3 24. Nc1 Qb8 25. Qxb8 Raxb8 26. Nxd3 Rhd8 1/2-1/2

[Event "Niederbayrische Einzelmeisterschaft"]
[Site "Niederbayern"]
[Date "2010.06.04"]
[Round "4.16"]
[White "Lenhard, Alexander"]
[Black "Schubert, Heinz"]
[Result "1/2-1/2"]
[WhiteElo "1240"]
[BlackElo "1505"]
[PlyCount "86"]
[EventDate "2010.06.??"]
[EventType "swiss"]
[EventRounds "7"]
[EventCountry "GER"]
[SourceDate "2015.11.02"]
[SourceVersionDate "2015.11.02"]
[WhiteTeam "ESK Plattling"]
[BlackTeam "TV 1862 Geiselhöring"]

1. e4 e6 2. d4 d5 3. exd5 Qxd5 4. Nc3 Qd8 5. Nf3 Nf6 6. Be2 c6 7. O-O Be7 8.
Bf4 Nd5 9. Nxd5 cxd5 10. Bxb8 Rxb8 11. Re1 O-O 12. c3 Bf6 13. Qa4 a6 14. Qb3
Bd7 15. Bd3 Bc6 16. Qd1 Qd7 17. Ne5 Bxe5 18. Qh5 Bxh2+ 19. Qxh2 f5 20. Re3 Rbe8
21. Rae1 h6 22. Rg3 Kh8 23. Rge3 Rf6 24. Bc2 Ref8 25. Qe5 Qd8 26. Qf4 Bd7 27.
Qd6 Bc8 28. Qxd8 Rxd8 29. b4 f4 30. Re5 g5 31. f3 Rg8 32. Kf2 h5 33. Rh1 h4 34.
Bd3 Bd7 35. Re2 Be8 36. Rhe1 Bd7 37. Rh1 Rgf8 38. Rb2 Kg7 39. a3 Re8 40. Re2
Rf7 41. Rb2 Rfe7 42. Re2 Kf6 43. Re5 b5 1/2-1/2

[Event "Niederbayrische Einzelmeisterschaft"]
[Site "Niederbayern"]
[Date "2010.06.04"]
[Round "4.17"]
[White "Gerl, Hans-Peter"]
[Black "Seidl, Josef"]
[Result "1-0"]
[WhiteElo "1707"]
[BlackElo "1315"]
[PlyCount "83"]
[EventDate "2010.06.??"]
[EventType "swiss"]
[EventRounds "7"]
[EventCountry "GER"]
[SourceDate "2015.11.02"]
[SourceVersionDate "2015.11.02"]
[WhiteTeam "SC Straubing"]
[BlackTeam "TSV Kreuzberg"]

1. d4 Nf6 2. c4 d6 3. Nc3 Nbd7 4. Nf3 g6 5. e4 Bg7 6. Be2 O-O 7. O-O Re8 8. Ne1
e5 9. d5 b6 10. Nd3 Bb7 11. Qc2 a6 12. Be3 Rb8 13. f3 Bc8 14. Nb4 Bb7 15. Rac1
Nc5 16. Nd3 Ra8 17. b4 Nxd3 18. Bxd3 Nd7 19. Ra1 Rf8 20. c5 bxc5 21. bxc5 Nxc5
22. Bxc5 dxc5 23. Na4 Qg5 24. Nxc5 Bc8 25. Rfc1 Qe7 26. Rab1 Ra7 27. Kh1 Qd6
28. Nb3 f5 29. Na5 fxe4 30. Bxe4 Bf5 31. Rf1 Raa8 32. Rbc1 Bxe4 33. fxe4 Rxf1+
34. Rxf1 Rf8 35. Rxf8+ Qxf8 36. Qb1 Qa3 37. Nc6 Bh6 38. Nxe5 Bf4 39. Nf3 Qc3
40. h3 a5 41. Qe1 h5 42. Qxc3 1-0

[Event "Niederbayrische Einzelmeisterschaft"]
[Site "Niederbayern"]
[Date "2010.06.05"]
[Round "5.1"]
[White "Heiduczek, Josef"]
[Black "Woitylak, Steffen"]
[Result "1-0"]
[WhiteElo "2168"]
[BlackElo "1850"]
[PlyCount "97"]
[EventDate "2010.06.??"]
[EventType "swiss"]
[EventRounds "7"]
[EventCountry "GER"]
[SourceDate "2015.11.02"]
[SourceVersionDate "2015.11.02"]
[WhiteTeam "SC Rottal"]
[BlackTeam "FC Ergolding 1932"]

1. e4 c5 2. Nf3 Nc6 3. Bb5 a6 4. Bxc6 dxc6 5. b3 Bg4 6. Bb2 e6 7. d3 Qc7 8.
Nbd2 f6 9. h3 Bh5 10. O-O g5 11. g4 Bf7 12. Nxg5 h5 13. Nxf7 Qxf7 14. Kg2 Bd6
15. e5 fxe5 16. Ne4 Bc7 17. Qf3 hxg4 18. Qxf7+ Kxf7 19. hxg4 Nf6 20. Nxf6 Kxf6
21. Rh1 Kg5 22. f3 a5 23. a4 Kg6 24. Rxh8 Rxh8 25. Re1 b6 26. Bxe5 Bxe5 27.
Rxe5 Kf6 28. f4 Rh4 29. Kg3 Rh1 30. g5+ Kf7 31. Re2 Rc1 32. Rh2 b5 33. Rh7+ Kf8
34. f5 bxa4 35. bxa4 exf5 36. Kf4 Rxc2 37. Ke5 Rg2 38. Kf6 Ke8 39. g6 f4 40.
Re7+ Kd8 41. Re4 f3 42. Kf7 Kd7 43. g7 Kd6 44. g8=Q Rxg8 45. Kxg8 Kd5 46. Rf4
Ke5 47. Rxf3 Kd4 48. Rf5 c4 49. dxc4 1-0

[Event "Niederbayrische Einzelmeisterschaft"]
[Site "Niederbayern"]
[Date "2010.06.05"]
[Round "5.2"]
[White "Wisnet, Dominic"]
[Black "Schindlbeck, Tobias"]
[Result "0-1"]
[WhiteElo "2167"]
[BlackElo "1939"]
[PlyCount "108"]
[EventDate "2010.06.??"]
[EventType "swiss"]
[EventRounds "7"]
[EventCountry "GER"]
[SourceDate "2015.11.02"]
[SourceVersionDate "2015.11.02"]
[WhiteTeam "SC Rottal"]
[BlackTeam "FC Ergolding 1932"]

1. e4 e6 2. d4 d5 3. Nc3 Bb4 4. e5 c5 5. a3 Bxc3+ 6. bxc3 Ne7 7. Nf3 b6 8. Bb5+
Bd7 9. Bd3 c4 10. Bf1 Ba4 11. g3 h6 12. Bh3 Kd7 13. O-O Qg8 14. Ne1 Qh7 15. f4
Na6 16. Rf2 Nc7 17. Ng2 g6 18. Ne3 h5 19. Qf1 Nf5 20. Nd1 Rab8 21. Bg2 Nh6 22.
Bf3 Nf5 23. Nb2 b5 24. Nd1 Qg7 25. Re2 Qf8 26. Be3 Qe7 27. Bf2 a5 28. Be1 Ra8
29. Nb2 Rab8 30. Bf2 Rbg8 31. Be3 Bxc2 32. a4 b4 33. Bd2 Rb8 34. Ree1 bxc3 35.
Bxc3 Rb3 36. Bxa5 Rxb2 37. Qf2 Rb3 38. Be2 Ra8 39. Bd2 Rab8 40. a5 Na6 41. Rec1
Rb1 42. h3 Rxa1 43. Rxa1 Be4 44. Bc3 Rb3 45. Qe1 Ra3 46. Rc1 Ra2 47. Rb1 Qa3
48. Rb7+ Nc7 49. Bf1 Rc2 50. Bb4 Qf3 51. Rxc7+ Kxc7 52. Bd6+ Kd7 53. Qe2 Rxe2
54. Bxe2 Qg2# 0-1

[Event "Niederbayrische Einzelmeisterschaft"]
[Site "Niederbayern"]
[Date "2010.06.05"]
[Round "5.3"]
[White "Thanner, Daniel"]
[Black "Holzer, Richard"]
[Result "1-0"]
[WhiteElo "1722"]
[BlackElo "2157"]
[PlyCount "116"]
[EventDate "2010.06.??"]
[EventType "swiss"]
[EventRounds "7"]
[EventCountry "GER"]
[SourceDate "2015.11.02"]
[SourceVersionDate "2015.11.02"]
[WhiteTeam "SC Ortenburg 1894"]
[BlackTeam "SK Passau 1869"]

1. e4 e5 2. Nf3 Nc6 3. d4 exd4 4. Nxd4 Bc5 5. Nb3 Bb6 6. Qe2 Nd4 7. Nxd4 Bxd4
8. c3 Bb6 9. Be3 Ne7 10. Na3 Nc6 11. O-O-O O-O 12. Qd2 Qe7 13. f3 d6 14. Bc4
Be6 15. Bxe6 Bxe3 16. Qxe3 Qxe6 17. Kb1 f5 18. Rhe1 Rfe8 19. Qd3 f4 20. Qd5 a6
21. b3 Qxd5 22. exd5 Ne5 23. Nc2 Ng6 24. g3 Rf8 25. Nd4 Rf7 26. g4 Ne5 27. Re4
c5 28. dxc6 bxc6 29. Nf5 Nxf3 30. Rxf4 Nxh2 31. Rg1 Raf8 32. Rg2 Nxg4 33. Rfxg4
Rxf5 34. Rxg7+ Kh8 35. Ra7 a5 36. Rgg7 Rh5 37. Rgd7 Rh2 38. Rf7 Rxf7 39. Rxf7
Kg8 40. Ra7 Rh5 41. b4 axb4 42. cxb4 Rb5 43. a3 c5 44. Ra5 Rb7 45. b5 Kf7 46.
a4 Ke6 47. Kc2 Kd5 48. Kc3 Rg7 49. Ra8 Rg3+ 50. Kc2 Kc4 51. b6 Rg2+ 52. Kd1 Rb2
53. a5 h5 54. Rh8 h4 55. a6 Rxb6 56. a7 Ra6 57. a8=Q Rxa8 58. Rxa8 d5 1-0

[Event "Niederbayrische Einzelmeisterschaft"]
[Site "Niederbayern"]
[Date "2010.06.05"]
[Round "5.4"]
[White "Kleibel, Uwe"]
[Black "Mueller, Michael"]
[Result "1/2-1/2"]
[WhiteElo "1880"]
[BlackElo "2009"]
[PlyCount "67"]
[EventDate "2010.06.??"]
[EventType "swiss"]
[EventRounds "7"]
[EventCountry "GER"]
[SourceDate "2015.11.02"]
[SourceVersionDate "2015.11.02"]
[WhiteTeam "SC Ortenburg 1894"]
[BlackTeam "SC Bayerwald/Regen"]

1. d4 d6 2. Nf3 g6 3. c4 Bg7 4. Nc3 e5 5. g3 Nd7 6. Bg2 Ne7 7. O-O O-O 8. e4
exd4 9. Nxd4 Ne5 10. b3 c6 11. h3 f5 12. Be3 Nf7 13. Rc1 Qa5 14. a4 Bd7 15. Kh2
Rad8 16. f4 Bc8 17. Nde2 Rfe8 18. Bd4 Ne5 19. Qc2 c5 20. fxe5 cxd4 21. Nxd4
dxe5 22. Nde2 Nc6 23. Nd5 Qc5 24. Qc3 a5 25. Rcd1 Nb4 26. Nc1 Nxd5 27. exd5 e4
28. Qe1 b6 29. Ne2 Qe3 30. Rb1 g5 31. Qf2 Qd2 32. Qe1 Qe3 33. Qf2 Qd2 34. Qe1
1/2-1/2

[Event "Niederbayrische Einzelmeisterschaft"]
[Site "Niederbayern"]
[Date "2010.06.05"]
[Round "5.5"]
[White "Palmi, Herbert"]
[Black "Popp, Michael"]
[Result "1-0"]
[WhiteElo "2008"]
[BlackElo "1989"]
[PlyCount "95"]
[EventDate "2010.06.??"]
[EventType "swiss"]
[EventRounds "7"]
[EventCountry "GER"]
[SourceDate "2015.11.02"]
[SourceVersionDate "2015.11.02"]
[WhiteTeam "SC Bayerwald/Regen"]
[BlackTeam "TV 1862 Geiselhöring"]

1. Nf3 c5 2. c4 Nf6 3. Nc3 d5 4. cxd5 Nxd5 5. d4 cxd4 6. Qxd4 Nxc3 7. Qxc3 Nc6
8. a3 Bg4 9. Bf4 e6 10. e3 a6 11. Be2 f6 12. O-O e5 13. Bg3 Be6 14. Rfd1 Qb6
15. Nd2 Rc8 16. Nc4 Qc7 17. Rac1 Be7 18. f4 Bxc4 19. Bxc4 Bd6 20. Qd3 Rd8 21.
Qf5 Qe7 22. Bd5 Bc5 23. Bf2 Kf8 24. h3 exf4 25. exf4 Bxf2+ 26. Kxf2 g6 27. Qc2
Rd6 28. Qc5 Rd7 29. Qxe7+ Nxe7 30. Bf3 Rxd1 31. Rxd1 Kf7 32. Bxb7 a5 33. Bd5+
Kg7 34. b3 Rc8 35. Bc4 a4 36. Rd7 Kf8 37. Ra7 axb3 38. Bxb3 Rc3 39. Bd1 Nd5 40.
g3 Nb6 41. a4 Rc1 42. a5 Nd5 43. Bb3 Nb4 44. a6 Rc3 45. Rf7+ Ke8 46. a7 Rxb3
47. Rxh7 Rb2+ 48. Kf3 1-0

[Event "Niederbayrische Einzelmeisterschaft"]
[Site "Niederbayern"]
[Date "2010.06.05"]
[Round "5.6"]
[White "Siebert, Joachim"]
[Black "Stroeher, Wolfgang"]
[Result "1-0"]
[WhiteElo "1926"]
[BlackElo "2003"]
[PlyCount "65"]
[EventDate "2010.06.??"]
[EventType "swiss"]
[EventRounds "7"]
[EventCountry "GER"]
[SourceDate "2015.11.02"]
[SourceVersionDate "2015.11.02"]
[WhiteTeam "SK Landshut"]
[BlackTeam "SC Straubing"]

1. d4 d5 2. Nf3 Nc6 3. c4 Bg4 4. Qa4 Bxf3 5. exf3 e6 6. Nc3 Bb4 7. cxd5 exd5 8.
Bb5 Bxc3+ 9. bxc3 Nge7 10. O-O O-O 11. Ba3 Re8 12. Bxe7 Rxe7 13. Bxc6 bxc6 14.
Qxc6 Re6 15. Qa4 Qe8 16. Qb3 Qd7 17. Rfe1 Rae8 18. Rxe6 Qxe6 19. g3 Qc6 20. Rb1
Qb6 21. Kg2 g6 22. Qa4 Qe6 23. Qxa7 Re7 24. Qc5 g5 25. g4 h5 26. h3 hxg4 27.
hxg4 f6 28. Rb8+ Kf7 29. Rd8 Rd7 30. Qf8+ Kg6 31. Re8 Qf7 32. Qh8 Qh7 33. Rg8+
1-0

[Event "Niederbayrische Einzelmeisterschaft"]
[Site "Niederbayern"]
[Date "2010.06.05"]
[Round "5.7"]
[White "Schubert, Josef"]
[Black "Zepke, Armin"]
[Result "0-1"]
[WhiteElo "1922"]
[BlackElo "1989"]
[PlyCount "115"]
[EventDate "2010.06.??"]
[EventType "swiss"]
[EventRounds "7"]
[EventCountry "GER"]
[SourceDate "2015.11.02"]
[SourceVersionDate "2015.11.02"]
[WhiteTeam "SK Landshut"]
[BlackTeam "SC Bayerwald/Regen"]

1. b4 d5 2. Bb2 Bf5 3. Nf3 e6 4. e3 Nf6 5. a3 Nbd7 6. d4 c6 7. c4 a5 8. b5 dxc4
9. Bxc4 Be7 10. Nc3 O-O 11. O-O Ne4 12. Nxe4 Bxe4 13. Nd2 Bg6 14. e4 Nb6 15.
Be2 c5 16. dxc5 Bxc5 17. Nb3 Be7 18. f3 Qxd1 19. Rfxd1 a4 20. Nd2 Rfd8 21. Nc4
Bc5+ 22. Kf1 f6 23. Nxb6 Bxb6 24. Rxd8+ Rxd8 25. Rd1 Be8 26. Rxd8 Bxd8 27. Ke1
e5 28. Bc4+ Kf8 29. Kd2 Bb6 30. Kd3 Bc5 31. g3 g5 32. Bc1 Ke7 33. Kc3 h5 34.
Bd5 Bxb5 35. Bxb7 Be2 36. f4 exf4 37. gxf4 g4 38. e5 h4 39. exf6+ Kxf6 40. Kd2
Bc4 41. Be4 Bg1 42. Bb2+ Kf7 43. h3 g3 44. f5 Bc5 45. Bg2 Ke7 46. Kc2 Bb5 47.
Kd2 Bd7 48. f6+ Kf7 49. Kd3 Bb5+ 50. Kd2 Ke6 51. Ke1 Bc4 52. Bh1 Bd5 53. Bxd5+
Kxd5 54. Kf1 Ke6 55. Kg2 Be3 56. Kf3 Bg5 57. Bd4 Bxf6 58. Bc5 0-1

[Event "Niederbayrische Einzelmeisterschaft"]
[Site "Niederbayern"]
[Date "2010.06.05"]
[Round "5.8"]
[White "Zankl, Thomas"]
[Black "Grum, Theodor"]
[Result "1/2-1/2"]
[WhiteElo "1972"]
[BlackElo "1773"]
[PlyCount "82"]
[EventDate "2010.06.??"]
[EventType "swiss"]
[EventRounds "7"]
[EventCountry "GER"]
[SourceDate "2015.11.02"]
[SourceVersionDate "2015.11.02"]
[WhiteTeam "SC Rottal"]
[BlackTeam "SC Grafenau"]

1. d4 Nf6 2. c4 g6 3. Nc3 Bg7 4. e4 d6 5. Be2 O-O 6. Nf3 e5 7. O-O Nc6 8. d5
Ne7 9. b4 Nd7 10. a4 f5 11. a5 Nf6 12. Nd2 f4 13. c5 g5 14. f3 h5 15. Nc4 g4
16. cxd6 cxd6 17. Nb5 Ne8 18. fxg4 a6 19. Nb6 axb5 20. Nxa8 hxg4 21. Nb6 Nf6
22. Qd3 g3 23. Nxc8 gxh2+ 24. Kxh2 Qxc8 25. Bd2 Kf7 26. Rh1 Rh8+ 27. Kg1 Rxh1+
28. Kxh1 Qh8+ 29. Kg1 Qh4 30. Be1 Qg5 31. Bf3 Nexd5 32. a6 bxa6 33. exd5 e4 34.
Bxe4 Nxe4 35. Rxa6 Qe5 36. Qxb5 Qd4+ 37. Kf1 Ng3+ 38. Bxg3 fxg3 39. Qd7+ Kg6
40. Rxd6+ Bf6 41. Qe8+ Kg7 1/2-1/2

[Event "Niederbayrische Einzelmeisterschaft"]
[Site "Niederbayern"]
[Date "2010.06.05"]
[Round "5.9"]
[White "Oberpriller, Johannes"]
[Black "Oberberger, Hans"]
[Result "1-0"]
[WhiteElo "1800"]
[BlackElo "1636"]
[PlyCount "39"]
[EventDate "2010.06.??"]
[EventType "swiss"]
[EventRounds "7"]
[EventCountry "GER"]
[SourceDate "2015.11.02"]
[SourceVersionDate "2015.11.02"]
[WhiteTeam "FC Ergolding 1932"]
[BlackTeam "SV Deggendorf"]

1. d4 Nf6 2. c4 e6 3. Nf3 d5 4. Nc3 Be7 5. Bg5 Nbd7 6. cxd5 Nxd5 7. Bxe7 Nxe7
8. e4 O-O 9. Bd3 c5 10. O-O cxd4 11. Nxd4 a6 12. Rc1 Nc5 13. Be2 b6 14. b4 Nd7
15. Qb3 Bb7 16. Rfd1 e5 17. Ne6 fxe6 18. Qxe6+ Rf7 19. Rxd7 Qc8 20. Bc4 1-0

[Event "Niederbayrische Einzelmeisterschaft"]
[Site "Niederbayern"]
[Date "2010.06.05"]
[Round "5.10"]
[White "Schultes, Christoph"]
[Black "Woestmann, Oliver"]
[Result "1-0"]
[WhiteElo "1707"]
[BlackElo "1386"]
[PlyCount "117"]
[EventDate "2010.06.??"]
[EventType "swiss"]
[EventRounds "7"]
[EventCountry "GER"]
[SourceDate "2015.11.02"]
[SourceVersionDate "2015.11.02"]
[WhiteTeam "SK Landau-Dingolfing"]
[BlackTeam "SV Aham"]

1. d4 d5 2. Nf3 Nf6 3. c4 c6 4. Nc3 Bf5 5. cxd5 cxd5 6. Qb3 b6 7. Bf4 Nc6 8. e3
Na5 9. Bb5+ Bd7 10. Qa4 e6 11. Ne5 a6 12. Nxd7 Nxd7 13. Bd3 b5 14. Qd1 Nc4 15.
Bxc4 bxc4 16. O-O Nf6 17. b3 Rc8 18. Rc1 Bd6 19. Bxd6 Qxd6 20. Na4 O-O 21. bxc4
Rxc4 22. Rxc4 dxc4 23. Qe2 Rc8 24. Nc5 Nd7 25. Qxc4 Nxc5 26. Rc1 Qc6 27. Qxc5
Qxc5 28. dxc5 Kf8 29. Kf1 Ke7 30. Ke2 Rb8 31. Rc2 Kd7 32. Kd3 Kc7 33. Kc4 Rb1
34. e4 e5 35. Kd5 f6 36. Ke6 Kc6 37. Kf7 Rb7+ 38. Ke6 Rb5 39. Kf7 Rb7+ 40. Ke6
Rb5 41. g4 a5 42. g5 fxg5 43. Kxe5 Rb1 44. Kf5 h6 45. e5 Rb7 46. e6 Re7 47. Rd2
Kxc5 48. Rd7 Re8 49. Rxg7 Rf8+ 50. Rf7 Re8 51. Kf6 Kc6 52. Ke5 a4 53. Rd7 Rf8
54. Rd2 Rb8 55. e7 Rb1 56. Kf6 Rb8 57. Kf7 Rb7 58. Kf8 Rb8+ 59. e8=Q+ 1-0

[Event "Niederbayrische Einzelmeisterschaft"]
[Site "Niederbayern"]
[Date "2010.06.05"]
[Round "5.11"]
[White "Ertl, Helmut"]
[Black "Staller, Josef"]
[Result "0-1"]
[WhiteElo "1627"]
[BlackElo "1676"]
[PlyCount "84"]
[EventDate "2010.06.??"]
[EventType "swiss"]
[EventRounds "7"]
[EventCountry "GER"]
[SourceDate "2015.11.02"]
[SourceVersionDate "2015.11.02"]
[WhiteTeam "SV Deggendorf"]
[BlackTeam "SC Rottal"]

1. e4 e5 2. Nf3 Nc6 3. Nc3 a6 4. d4 exd4 5. Nxd4 Bc5 6. Nxc6 Qf6 7. Qf3 Qxf3 8.
gxf3 dxc6 9. Bf4 Bb6 10. Bc4 Ne7 11. h4 Ng6 12. Bg3 Nf8 13. Be5 f6 14. Bg3 Be6
15. Be2 O-O-O 16. Na4 Ba7 17. O-O h5 18. Rad1 g5 19. Rxd8+ Kxd8 20. Rd1+ Kc8
21. b3 Ng6 22. hxg5 fxg5 23. c4 Rg8 24. Nb2 h4 25. Bh2 Nf4 26. Bf1 Nh5 27. Nd3
g4 28. Kh1 gxf3 29. Nf4 Nxf4 30. Bxf4 Bxf2 31. Bh2 Bg3 32. Rd3 Bg4 33. e5 c5
34. a3 Bd7 35. Rd1 Bc6 36. e6 Re8 37. Bh3 f2+ 38. Bg2 Bxg2+ 39. Kxg2 Rxe6 40.
Rf1 Re1 41. Rxf2 Bxf2 42. Kxf2 Rb1 0-1

[Event "Niederbayrische Einzelmeisterschaft"]
[Site "Niederbayern"]
[Date "2010.06.05"]
[Round "5.12"]
[White "Angermeier, Gerhard"]
[Black "Lichtmannecker, Hans-Juergen"]
[Result "1/2-1/2"]
[WhiteElo "1668"]
[BlackElo "1666"]
[PlyCount "80"]
[EventDate "2010.06.??"]
[EventType "swiss"]
[EventRounds "7"]
[EventCountry "GER"]
[SourceDate "2015.11.02"]
[SourceVersionDate "2015.11.02"]
[WhiteTeam "SC Rottal"]
[BlackTeam "SV Aham"]

1. d4 d6 2. Nf3 f5 3. c4 g6 4. Nc3 Nf6 5. e3 Bg7 6. Be2 c6 7. O-O O-O 8. Qc2
Qc7 9. Rb1 e5 10. dxe5 dxe5 11. b4 Ng4 12. Ne1 f4 13. Bxg4 Bxg4 14. f3 Bf5 15.
e4 Be6 16. Na4 b6 17. a3 g5 18. Bb2 Qf7 19. Rf2 Bxc4 20. Ba1 Ba6 21. Rd2 Qc4
22. Qxc4+ Bxc4 23. Rc1 Ba6 24. Rcd1 Bf6 25. Nd3 Bxd3 26. Rxd3 Na6 27. Kf1 Rac8
28. Rd7 Rc7 29. R1d6 Rxd7 30. Rxd7 Rf7 31. Rd6 c5 32. bxc5 Nxc5 33. Nxc5 bxc5
34. Re6 Rb7 35. Bxe5 Bxe5 36. Rxe5 Rb1+ 37. Kf2 Rb2+ 38. Kg1 Rb1+ 39. Kf2 Rb2+
40. Kf1 Rb1+ 1/2-1/2

[Event "Niederbayrische Einzelmeisterschaft"]
[Site "Niederbayern"]
[Date "2010.06.05"]
[Round "5.13"]
[White "Thurnbauer, Alois"]
[Black "Gerl, Hans-Peter"]
[Result "0-1"]
[WhiteElo "1534"]
[BlackElo "1707"]
[PlyCount "72"]
[EventDate "2010.06.??"]
[EventType "swiss"]
[EventRounds "7"]
[EventCountry "GER"]
[SourceDate "2015.11.02"]
[SourceVersionDate "2015.11.02"]
[WhiteTeam "SV Deggendorf"]
[BlackTeam "SC Straubing"]

1. d4 Nf6 2. Nc3 d5 3. e3 Bf5 4. Nf3 e6 5. Be2 Be7 6. O-O O-O 7. Nh4 Bg6 8.
Nxg6 hxg6 9. a3 c6 10. b4 Nbd7 11. Bb2 b5 12. Bf3 Nb6 13. Bc1 a5 14. bxa5 Rxa5
15. Bb2 Nc4 16. Qc1 Qa8 17. a4 bxa4 18. Na2 Nxb2 19. Qxb2 Rb8 20. Qc1 Qa6 21.
c4 c5 22. Qc2 Qxc4 23. Qxc4 dxc4 24. Rfc1 cxd4 25. exd4 Rc8 26. Rab1 Nd5 27.
Be2 c3 28. Rc2 Bf6 29. Rd1 a3 30. Bf3 Rc4 31. Bxd5 exd5 32. Rxc3 Rxc3 33. Nxc3
a2 34. Ra1 Bxd4 35. Rxa2 Bxc3 36. Rxa5 Bxa5 0-1

[Event "Niederbayrische Einzelmeisterschaft"]
[Site "Niederbayern"]
[Date "2010.06.05"]
[Round "5.14"]
[White "Haimerl, Willibald"]
[Black "Reich, Christian"]
[Result "1-0"]
[WhiteElo "1640"]
[BlackElo "1564"]
[PlyCount "115"]
[EventDate "2010.06.??"]
[EventType "swiss"]
[EventRounds "7"]
[EventCountry "GER"]
[SourceDate "2015.11.02"]
[SourceVersionDate "2015.11.02"]
[WhiteTeam "SV Deggendorf"]
[BlackTeam "SC Straubing"]

1. e4 c5 2. Nf3 Nc6 3. d4 cxd4 4. Nxd4 e5 5. Nb5 d6 6. N1c3 a6 7. Na3 b5 8. Nd5
h6 9. c4 b4 10. Nc2 a5 11. Be3 Rb8 12. b3 Nf6 13. Bd3 Be7 14. O-O O-O 15. f3
Rb7 16. Qd2 Kh7 17. Rad1 Rh8 18. f4 Kg8 19. Nxf6+ Bxf6 20. Be2 Rd7 21. Bg4 Re7
22. Bxc8 Qxc8 23. Qxd6 exf4 24. Qxf4 Bg5 25. Qf2 Qe6 26. Bc5 Rd7 27. Rd5 g6 28.
Rfd1 Rb7 29. Rd6 Qxe4 30. Re1 Qg4 31. Rxc6 Kh7 32. Qf3 Qd7 33. Rd6 Qc7 34. Rd5
Rc8 35. Bd4 f5 36. Bf2 a4 37. Rc5 Qb8 38. Rxc8 Qxc8 39. Ne3 axb3 40. axb3 Re7
41. Nd5 Rxe1+ 42. Bxe1 Qe6 43. Kf1 Qd6 44. g3 h5 45. Bxb4 Qa6 46. Bc3 Qa2 47.
Bf6 Bh6 48. Qe2 Qb1+ 49. Kg2 Bf8 50. b4 Bxb4 51. Nxb4 Qxb4 52. Qe7+ Qxe7 53.
Bxe7 Kg7 54. Kf3 Kf7 55. Bg5 Ke6 56. Ke3 Ke5 57. h4 Kd6 58. Kd4 1-0